Night Shift - Lucy Dacus Lyrics - Statistics

General Stats
  • This quiz has been taken 262 times
  • The average score is 220 of 275
Answer Stats
Hint Answer % Correct
Chorus I
100%
I
100%
Verse 1 The
100%
the
100%
a
98%
so
98%
you
95%
You
95%
To
93%
time
93%
to
93%
first
92%
had
91%
somebody
91%
tasted
91%
else's
90%
It
90%
it
90%
your
90%
and
89%
And
89%
in
89%
In
89%
me
89%
night
89%
shift
89%
spit
89%
coughing
88%
fit
88%
Take
88%
take
88%
5
87%
9
87%
Call
87%
can
87%
help
87%
I'll
87%
called
86%
by
85%
feel
85%
five
85%
was
85%
got
84%
let
84%
love
83%
name
83%
see
83%
them
83%
again
82%
down
82%
If
82%
lovers
82%
my
82%
never
82%
But
81%
but
81%
Dedicated
81%
hope
81%
leave
81%
like
81%
new
81%
years
81%
songs
80%
covers
79%
wasn't
79%
for
78%
as
77%
no
77%
same
77%
What
77%
what
77%
bitch
76%
I'm
75%
kiss
75%
might
75%
need
75%
well
75%
can't
74%
Can't
74%
how
74%
know
74%
at
73%
felt
73%
fine
73%
lips
73%
one
73%
then
73%
coffee
72%
forgive
72%
doing
71%
mind
71%
punch
71%
teeth
71%
Verse 2 Am
70%
dark
70%
did
70%
that
70%
before
69%
track
69%
watch
69%
hours
68%
mine
68%
sun
68%
all
67%
bed
67%
come
67%
feeling
67%
feet?
67%
goes
67%
hell
67%
of
67%
record
67%
Resisting
67%
stare
67%
Trying
67%
Walk
67%
here?
66%
Pay
66%
think
66%
Verse 3 Don't
65%
don't
65%
masochist?
65%
other
65%
urges
65%
hands?
64%
sit
64%
Why
64%
derail
63%
guilt
63%
plan?
63%
shake
63%
It's
62%
back
61%
best
61%
too
61%
deserve
60%
Regaining
60%
respect
60%
say
60%
young
60%
bite
59%
dangerous
59%
fall
59%
self-worth
59%
ever
57%
neglect
57%
said
57%
tongue
57%
Forget
56%
saw
54%
lose
53%
hold
52%
Absolve
50%
Now
49%
breath
48%
mistakingly
15%
No matching quizzes found
Score Distribution
Percent of People with Each Score
Percentile by Number Answered
Your Score History
You have not taken this quiz